000 02750cam a2200289 4500500
005 20260111070816.0
041 _afre
042 _adc
100 1 0 _aMoutaouakkil, Youssef
_eauthor
700 1 0 _aEl Cadi, Mina Ait
_eauthor
700 1 0 _aLamsaouri, Jamal
_eauthor
700 1 0 _aBousliman, Yassir
_eauthor
700 1 0 _aElJaoudi, Rachid
_eauthor
245 0 0 _aToxicologie des tryptamines
260 _c2026.
500 _a12
520 _aDepuis l’an 2000, les nouveaux produits de synthèse (NPS), également appelées designer drugs ou legal highs, ont considérablement transformé le paysage des produits stupéfiants. Elles servent généralement d’alternative légale aux substances psychoactives réglementées et contrôlées. Les tryptamines occupent une place importante parmi ces NPS, et ont, à ce titre, signalées au système d’alerte précoce de l’Union européenne. La propagation de ces substances implique l’utilisation de nouvelles technologies de communication, influençant l’offre sur le marché et orientant la demande des consommateurs. Les fabricants, trafiquants et fournisseurs de ces NPS s’ajustent constamment au marché pour contourner les mesures de contrôle et d’interdiction mises en place par les autorités nationales et internationales compétentes. Ce travail examine les aspects pharmacologiques, historiques, épidémiologiques, toxicologiques et analytiques des cathinones.
520 _aSince 2000, newly reported synthetic products (NPS), also known as “designer drugs” or “legal highs”, have significantly reshaped the drug landscape. These substances typically serve as legal alternatives to regulated and controlled psychoactive compounds. Tryptamines play a significant role among the NPS in the European Union’s early warning system. The dissemination of these substances involves the use of new communication technologies, influencing market supply and shaping consumer demand. Manufacturers, traffickers, and suppliers of these NPS continually adapt to the market to circumvent control and prohibition measures implemented by competent national and international authorities. This work explores the pharmacological, historical, epidemiological, toxicological, and analytical aspects of cathinones.
690 _anouvelles drogues de synthèse
690 _anouvelles substances psychoactives
690 _atryptamines
690 _anew psychoactive substances
690 _anew synthetic drugs
690 _atryptamines
786 0 _nCahiers Santé Médecine Thérapeutique | 34 | 6 | 2026-01-06 | p. 418-422 | 2780-8858
856 4 1 _uhttps://stm.cairn.info/revue-cahiers-sante-medecine-therapeutique-2025-6-page-418?lang=fr&redirect-ssocas=7080
999 _c1614805
_d1614805